Saving Private Ryan Characters - Statistics

General Stats
  • This quiz has been taken 35 times
  • The average score is 7 of 21
Answer Stats
Hint Character % Correct
Titular Motive Private Ryan
100%
Protagonist Captain Miller
90%
Sniper Private Jackson
67%
Letter Carrier Private Caparzo
63%
Jewish Soldier Private Mellish
63%
Medical Trooper T-4 Medic Wade
63%
Nervous Corporal Corporal Upham
57%
Soldier who almost Deserted Private Reiben
53%
Protagonist's Best Friend Sergeant Horvath
50%
Main Antagonist Steamboat Willie
27%
Part of Motive's Airborne Regiment Corporal Henderson
20%
Captain in the First City Captain Hamill
17%
Chief of Staff of the US Army General Marshall
17%
Ramelle Paratrooper Parker
17%
Commander of the 2nd Rangers Lt Anderson
7%
Ramelle Paratrooper Toynbe
7%
Ear-Damaged Informant Mandelsohn
3%
Informer on Motive's Whereabouts Sergeant Hill
3%
Letter Copier Private Wilson
0%
Machine Gunner Trask
0%
Ramelle Paratrooper Weller
0%
No matching quizzes found
Score Distribution
Percent of People with Each Score
Percentile by Number Answered
Your Score History
You have not taken this quiz